La integración de los inmigrantes marroquíes (Record no. 169161)

MARC details
000 -LEADER
campo de control de longitud fija 00847nam a22002415i 4500
001 - NÚMERO DE CONTROL
campo de control 169161
003 - IDENTIFICADOR DE NÚMERO DE CONTROL
campo de control ES-MaACL
005 - FECHA Y HORA DE LA ÚLTIMA TRANSACCIÓN
campo de control 20230906214020.0
008 - DATOS DE LONGITUD FIJA--INFORMACIÓN GENERAL
campo de control de longitud fija 080820s1996 sp |||| | spa d
017 ## - NÚMERO DE COPYRIGHT O DE DEPÓSITO LEGAL
Número de copyright o de depósito legal B-21.670-1996
020 ## - NÚMERO INTERNACIONAL ESTÁNDAR DEL LIBRO
Número Internacional Estándar del Libro 84-7664-543-0
080 ## - NÚMERO DE LA CLASIFICACIÓN DECIMAL UNIVERSAL
Número de la Clasificación Decimal Universal 308-054.72(=1.64:460.27)
100 1# - ENTRADA PRINCIPAL--NOMBRE DE PERSONA
Nombre de persona Pumares, Pablo.
9 (RLIN) 138229
245 13 - MENCIÓN DEL TÍTULO
Título La integración de los inmigrantes marroquíes
Resto del título : familias marroquíes en la Comunidad de Madrid /
Mención de responsabilidad, etc. Pablo Pumares.
260 ## - PUBLICACIÓN, DISTRIBUCIÓN, ETC.
Lugar de publicación, distribución, etc. Barcelona :
Nombre del editor, distribuidor, etc. Fundación "la Caixa",
Fecha de publicación, distribución, etc. 1996.
300 ## - DESCRIPCIÓN FÍSICA
Extensión 237 p. :
Otras características físicas graf., mapas ;
Dimensiones 21 cm.
490 1# - MENCIÓN DE SERIE
Mención de serie Premios Duocastella ;
Designación de volumen o secuencia 8
504 ## - NOTA DE BIBLIOGRAFÍA, ETC.
Nota de bibliografía, etc. Bibliografía.
650 14 - PUNTO DE ACCESO ADICIONAL DE MATERIA--TÉRMINO DE MATERIA
Término de materia o nombre geográfico como elemento de entrada Marroquíes-
Subdivisión geográfica Madrid (Comunidad Autónoma)-
Subdivisión general Situación social.
9 (RLIN) 138230
830 0# - PUNTO DE ACCESO ADICIONAL DE SERIE-TÍTULO UNIFORME
Título uniforme Premios Duocastella ;
Designación de volumen o secuencia 8
9 (RLIN) 188846
852 4# - LOCALIZACIÓN
Ubicación ES-MaACL
Número de control de estantería L-29567
itemnumber R.143094
Holdings
Estatus retirado Estado de pérdida Estado de daño No para préstamo Biblioteca de origen Biblioteca actual Ubicación en estantería Fecha de adquisición Fuente de adquisición Total de préstamos Signatura topográfica completa Código de barras Visto por última vez Precio de reemplazo Tipo de ítem Koha
        Biblioteca del Ateneo de Madrid Biblioteca del Ateneo de Madrid Depósito 2 20/08/2008     L-29567 1177604 23/02/2023 23/02/2023 Libro impreso